Structure and genetic diversity of Theobroma speciosum (Malvaceae) and implications for Brazilian Amazon conservation (Registro n. 337788)
[ somente texto ]
| 000 -LÍDER | |
|---|---|
| fixed length control field | 04033nab a2200325 i 4500 |
| 003 - CÓDIGO MARC DA AGÊNCIA CATALOGADORA | |
| Campo de controle | BR-BrBNA |
| 005 - DATA E HORA DA ÚLTIMA ATUALIZAÇÃO | |
| Campo de controle | 20250825141734.0 |
| 008 - CAMPO DE TAMANHO FIXO | |
| fixed length control field | 250825b2021 bl.ar|pooa||| 00| 0 eng | |
| 040 ## - FONTE DA CATALOGAÇÃO | |
| Agência catalogadora | BR-BrBNA |
| Idioma da catalogação | eng |
| 072 ## - CATEGORIA AGRIS | |
| Código AGRIS | F30 |
| 072 ## - CATEGORIA AGRIS | |
| Código AGRIS | F70 |
| 100 ## - ENTRADA PRINCIPAL - NOME PESSOAL | |
| Nome pessoal | Dardengo, Juliana de Freitas Encinas |
| 100 ## - ENTRADA PRINCIPAL - NOME PESSOAL | |
| Nome pessoal | Rossi, Ana Aparecida Bandini |
| 100 ## - ENTRADA PRINCIPAL - NOME PESSOAL | |
| Nome pessoal | Oliveira, Luiz Orlando de |
| 100 ## - ENTRADA PRINCIPAL - NOME PESSOAL | |
| Nome pessoal | Pena, Guilherme Ferreira |
| 100 ## - ENTRADA PRINCIPAL - NOME PESSOAL | |
| Nome pessoal | Rivas, Luiz Henrique |
| 100 ## - ENTRADA PRINCIPAL - NOME PESSOAL | |
| Nome pessoal | Silva, Carolina Joana da |
| 100 ## - ENTRADA PRINCIPAL - NOME PESSOAL | |
| Nome pessoal | Rufatto, Fernanda Pavese |
| 245 ## - TÍTULO PRINCIPAL | |
| Título principal | Structure and genetic diversity of Theobroma speciosum (Malvaceae) and implications for Brazilian Amazon conservation |
| 500 ## - NOTA GERAL | |
| Nota geral | Publicação on-line; 42 ref.; 4 tables; 4 illus.; Summaries (En, Pt) |
| 942 ## - ADDED ENTRY ELEMENTS (KOHA) | |
| Koha item type | Analítica |
| 520 ## - NOTA DE RESUMO | |
| Nota de conteúdo | <br/><br/>Abstract<br/><br/>The genetic diversity of Theobroma speciosum is important because its use in breeding programs, once the<br/>species is closely related to species of great economic value such as Theobroma cacao (cocoa) and Theobroma<br/>grandiflorum (cupuaçu). Thus, the objective of this work is to characterize the intra and interpopulational<br/>genetic diversity of Theobroma speciosum in natural populations in the Brazilian Amazon. Ninety individuals of<br/>T. speciosum from four populations localized in different states of legal Amazon were selected and genotyped.<br/>The data were obtained by fluorescence microsatellite analysis and the number of alleles, number of private<br/>alleles, fixation index, observed and expected heterozygosity were analyzed. Bayesian analysis, AMOVA and<br/>PCOa were used to reveal the molecular genetic structure of the populations, using the programs Structure<br/>and GenAIEx 6.5, respectively. All populations studied present great levels of gene diversity, although, there<br/>was a greater similarity among the AUR, API and MAC populations, while RBC population presented higher<br/>heterozygosity and less inbreeding than the others, becoming a possible refuge area in the Amazon, and the<br/>most important population for T. speciosum conservation.<br/><br/>Key words: Amazon, cacauhy, genetic variability.<br/><br/><br/><br/><br/>Resumo<br/><br/>O estudo da diversidade genética de Theobroma speciosum é importante, pois pode ser utilizado em programas<br/>de melhoramento, uma vez que a espécie está intimamente relacionada a espécies de grande valor econômico,<br/>como Theobroma cacao (cacau) e Theobroma grandiflorum (cupuaçu). Assim, o objetivo deste trabalho é<br/>caracterizar a diversidade genética intra e interpopulacional de Theobroma speciosum em populações naturais<br/>na Amazônia brasileira. Foram selecionados e genotipados 90 indivíduos de T. speciosum provenientes de<br/>quatro populações situadas em diferentes estados da Amazônia Legal. Os dados foram obtidos por meio da<br/>análise de microssatélite e a diversidade genética foi caracterizada através do número de alelos, número de<br/>alelos privados, índice de fixação e heterozigosidade observada e esperada. A análise bayesiana, a AMOVA<br/>e PCOa foram utilizadas para revelar a estrutura genética molecular das populações, através dos programas<br/>Structure e GenAIEx 6.5, respectivamente. Todas as populações estudadas apresentaram níveis de diversidade<br/>gênica, contudo, as populações AUR, API e MAC apresentaram grande similaridade, enquanto a população<br/>de Rio Branco apresentou maior heterozigosidade e menor endogamia do que as outras, se tornando um ponto<br/>de refúgio na Amazônia, e a mais importante população para a conservação de T. speciosum. <br/><br/>Palavras-chave: Amazônia, cacauí, variabilidade genética. |
| 650 ## - ASSUNTO - THESAGRO | |
| Cabeçalho tópico ou nome geográfico | AMAZÔNIA |
| 650 ## - ASSUNTO - THESAGRO | |
| Cabeçalho tópico ou nome geográfico | CACAUICULTURA |
| 650 ## - ASSUNTO - THESAGRO | |
| Cabeçalho tópico ou nome geográfico | VARIAÇÃO GENÉTICA |
| 650 ## - ASSUNTO - THESAGRO | |
| Cabeçalho tópico ou nome geográfico | MALVACEAE |
| 773 0# - ENTRADA ANALÍTICA | |
| Host Biblionumber | 709 |
| Registro do item | 357347 |
| Imprenta | Rio de Janeiro-RJ Jardim Botanico do Rio de Janeiro 1935 |
| Outro identificador | 2025-5311 |
| Título | Rodriguésia (Brazil) |
| ISSN | 0370-6583; 2175-7860 on-line |
| Colação | v. 72 p. 1-11; (2021) |
| Número de controle de registro | BR2025001775 |
| 856 ## - ACESSO E ENDEREÇO ELETRÔNICO | |
| Identificador uniforme de recurso - URI | https://www.scielo.br/j/rod/a/pc5b43ZpnYgdcFtDhfSX5BQ/?format=pdf&lang=en |
Nenhum exemplar disponível.

BINAGRI